书目信息 |
| 题名: |
现代教育改革论
|
|
| 作者: | 黄宇智 主编 | |
| 分册: | ||
| 出版信息: | 汕头 汕头大学出版社 1993 |
|
| 页数: | 270页 | |
| 开本: | 20cm | |
| 丛书名: | ||
| 单 册: | ||
| 中图分类: | G521 , G4 | |
| 科图分类: | 38.21 | |
| 主题词: | 教育改革--研究--中国 , 教育 | |
| 电子资源: | ||
| ISBN: | 7-81036-030-2 | |
| 000 | 00624nam0 2200241 45 | |
| 001 | 1572891290 | |
| 005 | 20151110133051.11 | |
| 010 | @a7-81036-030-2@dCNY11.20 | |
| 100 | @a19961029d1993 em y0chiy0120 ea | |
| 101 | 0 | @achi |
| 102 | @aCN@b440000 | |
| 105 | @ay z 000yy | |
| 200 | 10 | @a现代教育改革论@Axian dai jiao yu gai ge lun@f黄宇智主编 |
| 210 | @a汕头@c汕头大学出版社@d1993 | |
| 215 | @a270页@d20cm | |
| 606 | @a教育改革@x研究@y中国 | |
| 606 | 0 | @a教育 |
| 690 | @aG521@v3 | |
| 690 | @aG4@v4 | |
| 692 | @a38.21@v2 | |
| 701 | 0 | @a黄宇智@Ahuang yu zhi@4主编 |
| 801 | 0 | @aCN@bTSSF@c20150204 |
| 905 | @aZUCC@dG4@eJY9 | |
| 现代教育改革论/黄宇智主编.-汕头:汕头大学出版社,1993 |
| 270页;20cm |
| ISBN 7-81036-030-2:CNY11.20 |
| ● |
| 相关链接 |
|
|
|
|
正题名:现代教育改革论
索取号:G4/JY9
 
预约/预借
| 序号 | 登录号 | 条形码 | 馆藏地/架位号 | 状态 | 备注 |
| 1 | 7865681 | 278656811 | 学院路分馆/ [索取号:G4/JY9] | 在馆 |